Empires in World History (Registro nro. 183675)

Detalles MARC
000 -ENCABEZADO
Número de control [NR] 01002 a2200265 4500
005 - FECHA Y HORA DE LA ÚLTIMA TRANSACCIÓN
control field 20201125153224.0
008 - DE LONGITUD FIJA DE DATOS DE ELEMENTOS - INFORMACIÓN GENERAL
Elementos de longitud fija [NR] 140 s2010 xxuabo fr 001 0 eng
020 ## - NUMERO INTERNACIONAL NORMALIZADO PARA LIBROS [R]
Número Internacional Normalizado del libro [NR] 9780691152363
040 ## - FUENTE DE CATALOGACION [NR]
Agencia de catalogación original [NR] CO-BoUCM
Idioma de catalogación [NR] spa
Quien Cataloga Jose A. Gerena
Quien Clasifica Diana Londoño
041 00 - CODIGO DE IDIOMA [R]
Código de idioma para texto/pista de sonido o título separado [R] Inglés
100 ## - ASIENTO PRINCIPAL--NOMBRE PERSONAL [NR]
Nombre personal [NR] Burbank, Jane
ID Autoridad 53339
245 10 - MENCION DE TITULO [NR]
Título [NR] Empires in World History
Parte restante del título [NR] Power and the Politics of Difference
Mención de responsabilidad, etc. [NR] Jane Burbank, Frederick Cooper
260 ## - PUBLICACION, DISTRIBUCION, ETC. (PIE DE IMPRENTA) [R]
Nombre del editor, distribuidor, etc. [R] Princeton University press
Lugar de publicación, distribución, etc. [R] Princeton (Nueva Jersey, Estados Unidos)
Fecha de publicación, distribución, etc. [R] 2010
300 ## - DESCRIPCION FISICA [R]
Extensión [R] xiv, 511 páginas
Otros detalles físicos [NR] ilustraciones, mapas, fotografías
504 ## - NOTA DE BIBLIOGRAFIA, ETC. [R]
Nota de bibliografía, etc. [NR] Incluye referencias bibliográficas e índices
650 #7 - ASIENTO SECUNDARIO DE MATERIA - TERMINO TEMATICO [R]
9 (RLIN) 13256
Término temático o nombre geográfico como elemento de entrada [NR] Diferencia (Filosofía)
650 #7 - ASIENTO SECUNDARIO DE MATERIA - TERMINO TEMATICO [R]
9 (RLIN) 17199
Término temático o nombre geográfico como elemento de entrada [NR] Imperialismo
650 #7 - ASIENTO SECUNDARIO DE MATERIA - TERMINO TEMATICO [R]
9 (RLIN) 22002
Término temático o nombre geográfico como elemento de entrada [NR] Política mundial
650 #7 - ASIENTO SECUNDARIO DE MATERIA - TERMINO TEMATICO [R]
Término temático o nombre geográfico como elemento de entrada [NR] Poder (Ciencias sociales)
9 (RLIN) 342
650 #7 - ASIENTO SECUNDARIO DE MATERIA - TERMINO TEMATICO [R]
9 (RLIN) 7419
Término temático o nombre geográfico como elemento de entrada [NR] Colonias
690 ## - ASUNTO AGREGADO LOCAL DE ENTRADA - TÉRMINO TEMÁTICO (OCLC, RLIN)
Acceso temático local Historia universal
9 (RLIN) 16951
700 1# - ASIENTO SECUNDARIO - NOMBRE PERSONAL [R]
Nombre personal [NR] Cooper, Frederick
9 (RLIN) 53340
942 ## - ELEMENTOS DE ENTRADA AGREGADOS (KOHA)
Tipo de ítem principal el descrito en 300a Libro
Tema principal Generalidades
Edición 1
Parte restante de la signatura top. B946e
Sistema de clasificación DEWEY
Clasificación 909
Existencias
Fecha de último préstamo Total préstamos Signatura topográfica Código de barras Última vez visto Ejemplar Costo de reposición Price effective from Tipo de ítem Perdido Sistema de clasificación Dañado No prestable Tipo de ítem específico Suprimido Ubicación habitual Ubicación actual Localización Fecha de creación Proveedor Forma de adquisición Costo Total Renewals
25/09/2018 1 909 B946 100139473 09/12/2025 Ej.1 40900.00 27/11/2013 Libro   DEWEY     Libro   Claustro Claustro 2do piso 27/11/2013 15 Compra 40900.00  
27/04/2026 15 909 B946 100139474 27/04/2026 Ej.2 40900.00 27/11/2013 Libro   DEWEY     Libro   Claustro Claustro 2do piso 27/11/2013 15 Compra 40900.00 12